000 00983nam a22003137a 4500
001 BR8007207
003 BR-BrBNA
005 20230928090832.0
007 ta
008 230509b bl.||||| |||| 00| 0 por d
040 _aBR-BrBNA
_bpor
_cBiblioteca Nacional de Agricultura
041 _a(Por)
072 _aQ10; U10
_b0336
_b9205
090 _ 0336 BR8007207
100 1 _aCubas, C.S.
100 1 _aSilva, R.S.F. da
100 1 _aCordeiro, T.M.B.
111 1 _a4. Congresso Brasileiro de Ciencia e Tecnologia de Alimentos
_cRio de Janeiro, RJ (Brazil)
_d5-8 Oct 1980
245 1 _aExtracao de componentes soluveis de graos durante os processos hidrotermicos: aplicacao da equacao de difusao [soja]
260 3 _aCuritiba, PR (Brasil):
_c1980.
300 _a22 p.
500 _a8 illus.; 18 ref.; Summaries (Eng, Por)
650 _aSOJA
650 _aGRAO
650 _aCOCCAO
650 _aMODELO MATEMATICO
909 _a202309
_bLucia
_c55
_dLucia Elande
942 _cBK
999 _c30811
_d30811